000 00501nam a22001577a 4500
008 210922b |||||||| |||| 00| 0 eng d
082 _aCD18451
100 _aYadav, Rajesh kumar
245 _aDeixis system in maithali language and english language
260 _aSunsari:
_c2021
502 _aDissertation(degree in English Education),Janta Multiple Campus
650 _aGrammar, comparative and general -Deixis
650 _aEnglish language
653 _aMaithili language
942 _2ddc
_cVM
999 _c102023
_d102012